Elementary Statistics (Record no. 1118)

MARC details
005 - DATE AND TIME OF LATEST TRANSACTION
control field 20250403152234.0
082 ## - DEWEY DECIMAL CLASSIFICATION NUMBER
Classification number 519 HOE
100 ## - MAIN ENTRY--PERSONAL NAME
Author name HOEL, P. G.
245 ## - TITLE STATEMENT
Title Elementary Statistics
250 ## - EDITION STATEMENT
Edition statement 2nd Ed.
260 ## - PUBLICATION, DISTRIBUTION, ETC.
Place of publication, distribution, etc. New York,
Name of publisher, distributor, etc. John Wiley & Sons,
Date of publication, distribution, etc. 1966.
300 ## - PHYSICAL DESCRIPTION
Extent ix, 351p.: ill,; figure, table
Other physical details Index.
Dimensions 23cm.
942 ## - ADDED ENTRY ELEMENTS (KOHA)
Source of classification or shelving scheme Dewey Decimal Classification
Koha item type Books
Holdings
Date last seen Total checkouts Full call number Barcode Cost, replacement price Price effective from Koha item type Lost status Source of classification or shelving scheme Damaged status Not for loan Withdrawn status Home library Current library Shelving location Date acquired Cost, normal purchase price
04/03/2025   519 HOE 0000004232 30000.00 04/03/2025 Books   Dewey Decimal Classification       College of Business Education Main Library College of Business Education Main Library General Collection 04/03/2025 10000.00